Adhunik vishva (Record no. 440396)

000 -LEADER
fixed length control field 00328cam a22001217a 4500
008 - FIXED-LENGTH DATA ELEMENTS--GENERAL INFORMATION
fixed length control field 180718b2000 xxu||||| |||| 00| 0 eng d
020 ## - INTERNATIONAL STANDARD BOOK NUMBER
International Standard Book Number 81 86803 60 2
100 ## - MAIN ENTRY--PERSONAL NAME
Personal name Sharma , Harisanker
245 ## - TITLE STATEMENT
Title Adhunik vishva
Statement of responsibility, etc. by Harisanker Sharma
260 ## - PUBLICATION, DISTRIBUTION, ETC.
Place of publication, distribution, etc. Jaipur
Name of publisher, distributor, etc. Malik And Cokmpany
Date of publication, distribution, etc. 2000
300 ## - PHYSICAL DESCRIPTION
Extent 696p.
650 ## - SUBJECT ADDED ENTRY--TOPICAL TERM
Topical term or geographic name entry element Modren world
Holdings
Withdrawn status Lost status Damaged status Not for loan Permanent Location Current Location Date acquired Barcode Date last seen Price effective from Koha item type
        Indian Institute of Public Administration Indian Institute of Public Administration 2010-05-11 74668 2018-07-21 2018-07-21 Book

Powered by Koha